| 000 | 01635nam a2200289Ia 4500 | ||
|---|---|---|---|
| 999 |
_c38476 _d38476 |
||
| 001 | 4489 | ||
| 003 | GE_BSU | ||
| 005 | 20191018150723.0 | ||
| 008 | 181216s2011||||ge |||||||||||||| ||geo|| | ||
| 020 | _a9789941031199 | ||
| 040 | _cGE_BSU | ||
| 041 | _ageo | ||
| 080 | _a27 მ–85 | ||
| 245 |
_aმორწმუნე ადამიანები : _bსამართლიანი ადამიანები / _cმთ. რედ. დანუტ მანასტირეანუ, თეოლ. რედ.: კორნელ კადარი [და სხვ.], ლიტ. რედ. ოვიდიუ ბისოგი, ქართ. ვერსიის რედ. ნანა დანელია ; ილ. ქრისტი ბანდი |
||
| 264 |
_aთბილისი : _bგრიფონი, _c2011. |
||
| 300 |
_a84 გვ. : _bსურ. ; _c20 სმ. |
||
| 653 | _a წმინდანთა ცხოვრება; | ||
| 653 | _aმისიონერობა; | ||
| 653 | _aქრისტიანობა; | ||
| 700 |
_aბლაჯი, მარსელინ _eავტორი _94835 |
||
| 700 |
_aბულაი, მარისელ _eავტორი _94836 |
||
| 700 |
_aპატრიკი, ადინა _eავტორი _94837 |
||
| 700 |
_aსტუპკანუ, ნარსის და სხვ. _eავტორი _94838 |
||
| 700 |
_aმანასტირეანუ, დანუტ _eრედაქტორი _94839 |
||
| 700 |
_aკადარი, კორნელ _eრედაქტორი _94840 |
||
| 942 |
_cBK _2udc |
||